<?xml version="1.0" encoding="UTF-8"?>
<record
    xmlns:xsi="http://www.w3.org/2001/XMLSchema-instance"
    xsi:schemaLocation="http://www.loc.gov/MARC21/slim http://www.loc.gov/standards/marcxml/schema/MARC21slim.xsd"
    xmlns="http://www.loc.gov/MARC21/slim">

  <leader>00689cam a22002171  4500</leader>
  <controlfield tag="001">sa 68010044 </controlfield>
  <controlfield tag="003">DLC</controlfield>
  <controlfield tag="005">20260227112549.0</controlfield>
  <controlfield tag="008">710915s1968    ii            00010 eng  </controlfield>
  <datafield tag="010" ind1=" " ind2=" ">
    <subfield code="a">sa 68010044 //r842</subfield>
  </datafield>
  <datafield tag="025" ind1=" " ind2=" ">
    <subfield code="a">PL480:I-E-10309</subfield>
  </datafield>
  <datafield tag="043" ind1=" " ind2=" ">
    <subfield code="a">a-ii---</subfield>
  </datafield>
  <datafield tag="050" ind1="0" ind2=" ">
    <subfield code="a">AS468</subfield>
    <subfield code="b">.H58</subfield>
  </datafield>
  <datafield tag="082" ind1=" " ind2=" ">
    <subfield code="a">001.4/025/54</subfield>
  </datafield>
  <datafield tag="100" ind1="1" ind2="0">
    <subfield code="a">Holmes, W. Robert</subfield>
    <subfield code="q">(Walter Robert),</subfield>
    <subfield code="d">1916-</subfield>
  </datafield>
  <datafield tag="245" ind1="1" ind2="0">
    <subfield code="a">Research facilities in Bombay, Calcutta and Madras</subfield>
    <subfield code="c">[by] W. Robert Holmes [and] S. Raj. Gopal.</subfield>
  </datafield>
  <datafield tag="260" ind1="0" ind2=" ">
    <subfield code="a">[Delhi,</subfield>
    <subfield code="b">Printed by Graphic Aids at Cambridge Print. Works,</subfield>
    <subfield code="c">1968]</subfield>
  </datafield>
  <datafield tag="300" ind1=" " ind2=" ">
    <subfield code="a">167 p.</subfield>
    <subfield code="c">23 cm.</subfield>
  </datafield>
  <datafield tag="650" ind1=" " ind2="0">
    <subfield code="a">Research</subfield>
    <subfield code="z">India.</subfield>
  </datafield>
  <datafield tag="700" ind1="2" ind2="0">
    <subfield code="a">Raj Gopal, S.,</subfield>
    <subfield code="e">joint author.</subfield>
  </datafield>
  <datafield tag="999" ind1=" " ind2=" ">
    <subfield code="c">83291</subfield>
    <subfield code="d">83291</subfield>
  </datafield>
</record>
